Občianske centrum s verejnou knižnicou
Guardado en:
| Autor principal: | |
|---|---|
| Otros Autores: | |
| Formato: | Manuscrito Libro |
| Lenguaje: | eslovaco |
| Publicado: |
2016
|
| Materias: | |
| Acceso en línea: | http://is.stuba.sk/zp/portal_zp.pl?podrobnosti=98775 https://opac.crzp.sk/?fn=detailBiblioForm&sid=427371B0090519B80440D721842E |
| Etiquetas: |
Sin Etiquetas, Sea el primero en etiquetar este registro!
|
MARC
| LEADER | 00000ntm a22000003a 4500 | ||
|---|---|---|---|
| 001 | stuzp55864 | ||
| 003 | SK-STU | ||
| 005 | 20230908110713.4 | ||
| 007 | ta | ||
| 008 | 150427s2015----xo-----f-mn---000-0-slo-d | ||
| 040 | |a STU |b slo | ||
| 041 | 0 | |a slo | |
| 100 | 1 | |a Karpel, Michal |u 010310 |4 aut |U SvF Stavebná fakulta |T SvF Katedra architektúry |X 54818 |U V181|V310 |Y 19 |7 54818 | |
| 242 | 0 | 1 | |a Civil centre with public library |y eng |
| 245 | 1 | 0 | |a Občianske centrum s verejnou knižnicou |
| 260 | |c 2016 | ||
| 650 | 4 | |a Chrenovec - Brusno |2 slo | |
| 650 | 4 | |a občianske centrum |2 slo | |
| 650 | 4 | |a verejná knižnica |2 slo | |
| 650 | 4 | |a železničná zástavka |2 slo | |
| 650 | 4 | |a train station |2 eng | |
| 650 | 4 | |a public libraty |2 eng | |
| 650 | 4 | |a Chrenovec - Brusno |2 eng | |
| 650 | 4 | |a civil centre |2 eng | |
| 700 | 1 | |a Bauer, Peter |u 010310 |k Z1 |4 ths |U SvF Stavebná fakulta |T SvF Katedra architektúry |X 37982 |U V181|V310 |Y 19 |7 A000037982 | |
| 856 | 4 | |u http://is.stuba.sk/zp/portal_zp.pl?podrobnosti=98775 | |
| 856 | 4 | |u https://opac.crzp.sk/?fn=detailBiblioForm&sid=427371B0090519B80440D721842E | |
| SQL | |a stuzp55864 |b DBP |c SLO |d Občianske centrum s verejnou knižnicou |e 54818 |f Karpel, Michal |g 010310 |h 37982 |i Bauer, Peter |j 20160621 |k 4 |l 01 |m http://is.stuba.sk/zp/portal_zp.pl?podrobnosti=98775 |n B-PSA |o 5.1.4. pozemné stavby, 5.1.1. architektúra a urbanizmus | ||